000 00633nam a2200241 a 4500
001 nice12345678
003 IN_TiNIC
005 20260116011356.0
008 050524s0000 lona grp 000 0 eng
020 _a
_c100
082 0 0 _a915.40405
_bPIG
100 _aPigott, B A F
245 _aLilias Trotter
_b Lalla Lili: the Arabs` Name for Her..founder of the Algiers
260 _aLondon
_bMarshal Brothers
_c0000
300 _a245p
500 _aincludes index and biblioraphy
505 2 _aIllus
650 _aAlgeria-description and travel
700 1 _aPigott, B A F
902 _bSRS
942 _cBK
999 _c986
_d986